000 01439cam a22003374a 4500
999 _c10066
_d10066
001 2631021
003 ARRUPE
005 20170727160208.0
008 990506s1999 nyu b 001 0 eng
010 _a 99031411
020 _a0823219283 (hc)
020 _a0823219291 (pbk.)
040 _aDLC
_cDLC
_dDLC
042 _apcc
050 0 0 _aB819
_b.B87 1999
082 0 0 _a142/.78
_221
100 1 _aBusch, Thomas W.,
_d1937-
_933809
245 1 0 _aCirculating being :
_bfrom embodiment to incorporation : essays on late existentialism /
_cThomas W. Busch.
250 _a1st ed.
260 _aNew York :
_bFordham University Press,
_c1999.
300 _axi, 140 p. ;
_c24 cm.
440 0 _aPerspectives in continental philosophy,
_x1089-3938 ;
_vno. 7
_933810
504 _aIncludes bibliographical references (p. [131]-133) and index.
650 0 _aExistentialism.
_91759
856 4 2 _3Publisher description
_uhttp://www.loc.gov/catdir/enhancements/fy0730/99031411-d.html
856 4 2 _3Contributor biographical information
_uhttp://www.loc.gov/catdir/enhancements/fy0734/99031411-b.html
906 _a7
_bcbc
_corignew
_d1
_eocip
_f19
_gy-gencatlg
942 _2lcc
_cMONOGRAPH